000
002250000a22000970004500
100
1
_a
Lutz, Gregório
245
1
0
_a
O aniversariante de natal
300
_a
Num. 6 (Diciembre, 2001), Páginas 8-9
773
0
_t
TEAR
942
_c
ANA
999
_c
55801
_d
55801